| 000 | 00560nam a22001817a 4500 | ||
|---|---|---|---|
| 005 | 20160922150627.0 | ||
| 010 | _aENG-116080 | ||
| 020 |
_a9788179004729 _c800.00 |
||
| 035 | _aEN-99612 | ||
| 037 | _bDBAD/PUB | ||
| 082 | _a368.400954 | ||
| 100 | _aYadav,Ravi Prakash | ||
| 245 |
_aSocial security in India / _cby Ravi Prakash Yadav |
||
| 260 |
_aJaipur _bAavishkar Publishers,Distributors _c2015 |
||
| 270 |
_a807,Vyas Building,Chaura Rasta _bJaipur (Raj.) _e302003 |
||
| 300 |
_ax,188p. _c22cm(Hb) |
||
| 942 |
_2ddc _cEN _h368.400954 _mYAD |
||
| 999 |
_c103568 _d103568 |
||